[Event "FRA-chT Top 16 GpB"]
[Site "Chartres"]
[Date "2023.06.06"]
[Round "6.6"]
[White "Heinz, Timothee"]
[Black "Libiszewski, Fabien"]
[Result "1/2-1/2"]
[WhiteElo "2367"]
[BlackElo "2498"]
[PlyCount "28"]
[EventDate "2023.06.01"]
[EventType "team-tourn"]
[EventRounds "7"]
[EventCountry "FRA"]
[SourceTitle "CBM 214 Extra"]
[Source "ChessBase"]
[SourceDate "2023.07.31"]
[SourceVersion "1"]
[SourceVersionDate "2023.07.31"]
[SourceQuality "1"]
[WhiteTeam "St Quentin"]
[BlackTeam "Clichy Echecs 92"]
[WhiteTeamCountry "FRA"]
[BlackTeamCountry "FRA"]

1. d4 Nf6 2. Nf3 g6 3. Bf4 Bg7 4. e3 0-0 5. h3 d6 6. Be2 Nbd7 7. 0-0 b6 8. a4 a5 9. Nc3 Bb7 10. Qd3 Re8 11. Rad1 Qc8 12. Bh2 Ba6 13. Qd2 Bb7 14. Qd3 Ba6 1/2-1/2

[Event "Oberliga Baden 1819"]
[Site "Baden"]
[Date "2019.04.07"]
[Round "9.2"]
[White "Kuehn, Peter"]
[Black "Heinz, Timothee"]
[Result "1/2-1/2"]
[WhiteElo "2355"]
[BlackElo "2373"]
[PlyCount "24"]
[EventDate "2018.10.21"]
[EventType "team-tourn"]
[EventRounds "9"]
[EventCountry "GER"]
[SourceTitle "EXT 2020"]
[Source "ChessBase"]
[SourceDate "2019.10.17"]
[SourceVersion "1"]
[SourceVersionDate "2019.10.17"]
[SourceQuality "1"]
[WhiteTeam "Baden-Baden III"]
[BlackTeam "Brombach"]
[WhiteTeamCountry "GER"]
[BlackTeamCountry "GER"]

1. d4 e6 2. Nf3 Nf6 3. c3 b6 4. Bg5 Bb7 5. Nbd2 c5 6. e3 Be7 7. Bd3 cxd4 8. cxd4 Nc6 9. a3 Nd5 10. Bxe7 Qxe7 11. 0-0 0-0 12. Qe2 Rac8 1/2-1/2

[Event "Oberliga Baden 1819"]
[Site "Baden"]
[Date "2019.02.24"]
[Round "7.2"]
[White "Riehle, Marco"]
[Black "Heinz, Timothee"]
[Result "0-1"]
[WhiteElo "2265"]
[BlackElo "2373"]
[PlyCount "64"]
[EventDate "2018.10.21"]
[EventType "team-tourn"]
[EventRounds "9"]
[EventCountry "GER"]
[SourceTitle "EXT 2020"]
[Source "ChessBase"]
[SourceDate "2019.10.17"]
[SourceVersion "1"]
[SourceVersionDate "2019.10.17"]
[SourceQuality "1"]
[WhiteTeam "Sasbach"]
[BlackTeam "Brombach"]
[WhiteTeamCountry "GER"]
[BlackTeamCountry "GER"]

1. e4 e6 2. d4 d5 3. exd5 exd5 4. Nf3 Bd6 5. c4 Nf6 6. Nc3 0-0 7. cxd5 h6 8. Be2 Nbd7 9. 0-0 Nb6 10. Ne5 Nbxd5 11. Re1 Be6 12. Bd3 Re8 13. Ne4 Nxe4 14. Bxe4 c6 15. Bc2 Qf6 16. Qd3 g6 17. Qg3 Kg7 18. h3 Rad8 19. Bd2 Bc7 20. Re2 c5 21. Ba4 Re7 22. dxc5 Bd7 23. c6 Bxc6 24. Bxc6 Rxe5 25. Bxd5 Rxe2 26. Qxc7 Rxd2 27. Bf3 Qxb2 28. Re1 Qd4 29. Re3 Rd7 30. Qc8 Rxa2 31. Bxb7 Ra1+ 32. Kh2 Qf4+ 0-1

[Event "FRA-chT Top 12"]
[Site "Chartres"]
[Date "2017.05.26"]
[Round "9.7"]
[White "Shirazi, Kamran"]
[Black "Heinz, Timothee"]
[Result "0-1"]
[WhiteElo "2367"]
[BlackElo "2353"]
[PlyCount "112"]
[EventDate "2017.05.18"]
[EventType "team-tourn"]
[EventRounds "11"]
[EventCountry "FRA"]
[SourceTitle "CBM 178 Extra"]
[Source "ChessBase"]
[SourceDate "2017.06.22"]
[SourceVersion "1"]
[SourceVersionDate "2017.06.22"]
[SourceQuality "1"]
[WhiteTeam "Tremblay en France"]
[BlackTeam "Strasbourg"]
[WhiteTeamCountry "FRA"]
[BlackTeamCountry "FRA"]

1. d4 d5 2. Bg5 Nf6 3. Bxf6 exf6 4. e3 c6 5. c4 dxc4 6. Bxc4 Bd6 7. Nc3 f5 8. Nf3 Nd7 9. a3 Qe7 10. 0-0 0-0 11. Qc2 Nf6 12. Bd3 g6 13. Rfe1 Be6 14. e4 fxe4 15. Nxe4 Nxe4 16. Rxe4 Qf6 17. Ne5 Rfe8 18. Rae1 Re7 19. g3 Bf5 20. R4e3 Bxd3 21. Qxd3 Qg7 22. Nc4 Rxe3 23. Rxe3 Bf8 24. Ne5 Bd6 25. Nc4 Qf6 26. Qb3 b5 27. Rf3 bxc4 28. Rxf6 cxb3 29. Rxd6 Rc8 30. Kf1 Kf8 31. Rd7 c5 32. dxc5 Rxc5 33. Rb7 a5 34. Rxb3 g5 35. Rc3 Rb5 36. b4 Ke7 37. Rc4 axb4 38. axb4 Ke6 39. h4 h6 40. Rc6+ Ke7 41. Rc4 Re5 42. Rc7+ Ke8 43. hxg5 hxg5 44. Rc5 Re4 45. b5 g4 46. Rf5 Rb4 47. Ke2 Ke7 48. Kd3 Ke6 49. Kc3 Rb1 50. Rc5 f5 51. Kc4 Rb2 52. Rc6+ Kd7 53. Rf6 Rxf2 54. b6 Kc8 55. Kd5 Rf3 56. Kc5 Kd7 0-1

[Event "FRA-chT Top 12"]
[Site "Chartres"]
[Date "2017.05.22"]
[Round "5.5"]
[White "Fressinet, Laurent"]
[Black "Heinz, Timothee"]
[Result "1/2-1/2"]
[WhiteElo "2668"]
[BlackElo "2353"]
[PlyCount "168"]
[EventDate "2017.05.18"]
[EventType "team-tourn"]
[EventRounds "11"]
[EventCountry "FRA"]
[SourceTitle "CBM 178 Extra"]
[Source "ChessBase"]
[SourceDate "2017.06.22"]
[SourceVersion "1"]
[SourceVersionDate "2017.06.22"]
[SourceQuality "1"]
[WhiteTeam "Clichy Echecs 92"]
[BlackTeam "Strasbourg"]
[WhiteTeamCountry "FRA"]
[BlackTeamCountry "FRA"]

1. Nf3 d5 2. c4 e6 3. d4 Nf6 4. Bg5 Be7 5. e3 h6 6. Bh4 0-0 7. Nc3 Ne4 8. Bxe7 Qxe7 9. Rc1 c6 10. Qc2 Nxc3 11. Qxc3 Nd7 12. Be2 dxc4 13. Qxc4 e5 14. 0-0 exd4 15. Nxd4 Nb6 16. Qb3 Re8 17. Rfd1 Be6 18. Nxe6 Qxe6 19. Qa3 Qe7 20. Qc3 Nd5 21. Qd4 Qe5 22. b4 Qxd4 23. Rxd4 Nb6 24. Rcd1 Kf8 25. Bf3 Re7 26. h4 Ke8 27. Kf1 Rc7 28. g4 a5 29. a3 axb4 30. axb4 Rd7 31. b5 Rc8 32. bxc6 bxc6 33. Re4+ Kd8 34. Rb1 Nd5 35. Rc4 g5 36. Rbc1 Rdc7 37. Rc5 f6 38. Bxd5 cxd5 39. Rxd5+ Ke8 40. Rxc7 Rxc7 41. h5 Ke7 42. Ke2 Rc4 43. f3 Rc3 44. Kd2 Ra3 45. Rc5 Kf7 46. Rc7+ Kg8 47. Rc3 Ra5 48. Rc8+ Kf7 49. Rc7+ Kg8 50. Rc6 Kf7 51. Kd3 Rd5+ 52. Ke2 Rd7 53. Rc4 Kg7 54. Rd4 Re7 55. Rd3 Ra7 56. Rb3 Rd7 57. Rd3 Ra7 58. Rd8 Ra3 59. Rd7+ Kg8 60. Kd2 Ra5 61. Kd3 Ra4 62. Rb7 Ra5 63. Kd4 Re5 64. Rc7 Re6 65. Rd7 Re5 66. Rb7 Re6 67. Rb3 Re5 68. Rc3 Kf7 69. Rc7+ Kg8 70. e4 Ra5 71. Rc5 Ra3 72. Rc3 Ra5 73. Ke3 Kf7 74. Rb3 Kg7 75. f4 gxf4+ 76. Kxf4 Ra7 77. Rb5 Re7 78. Rd5 Kf7 79. Kf5 Kg7 80. Rc5 Kf7 81. g5 hxg5 82. h6 g4 83. Rc8 Re5+ 84. Kf4 Rh5 1/2-1/2

[Event "BL2-Sued 1617"]
[Site "Germany"]
[Date "2017.04.23"]
[Round "8.2"]
[White "Krasenkow, Michal"]
[Black "Heinz, Timothee"]
[Result "1-0"]
[WhiteElo "2629"]
[BlackElo "2346"]
[PlyCount "125"]
[EventDate "2016.10.16"]
[EventType "team-tourn"]
[EventRounds "9"]
[EventCountry "GER"]
[SourceTitle "EXT 2018"]
[Source "ChessBase"]
[SourceDate "2017.10.13"]
[SourceVersion "1"]
[SourceVersionDate "2017.10.13"]
[SourceQuality "1"]
[WhiteTeam "Deizisau"]
[BlackTeam "Untergrombach"]
[WhiteTeamCountry "GER"]
[BlackTeamCountry "GER"]

1. d4 d5 2. c4 c6 3. Nc3 Nf6 4. e3 a6 5. b3 Bf5 6. Bd3 Bg6 7. Nf3 Nbd7 8. Bxg6 hxg6 9. Bb2 e6 10. Qc2 Bd6 11. 0-0-0 Qe7 12. c5 Bc7 13. e4 Nxe4 14. Nxe4 dxe4 15. Qxe4 Nf6 16. Qe2 Nd5 17. h4 Qf6 18. g3 Qf5 19. a3 Qg4 20. Kb1 0-0-0 21. Rhe1 Rde8 22. Rd3 f6 23. Qc2 Qf5 24. Re2 Qh5 25. Re4 Qh7 26. Qe2 Qg8 27. Qe1 Kd7 28. Nd2 Rh5 29. Nf3 Re7 30. Ka2 Ke8 31. Bc1 Kf7 32. g4 Rh8 33. g5 f5 34. Re2 Rh5 35. Kb2 Qd8 36. Rc2 Qc8 37. Rd1 Re8 38. Re2 Re7 39. Qh1 Re8 40. Rde1 Re7 41. Qg2 Re8 42. Rh1 Reh8 43. Qf1 Qd7 44. Qd1 Qc8 45. Qd3 Qd7 46. Bd2 Qc8 47. b4 Qd7 48. a4 Ra8 49. Kc2 Rhh8 50. Rb1 Rhb8 51. Ree1 Re8 52. Rb3 Re7 53. Qe2 Qc8 54. Rh1 Re8 55. h5 Ne7 56. Nh4 Rh8 57. Nxg6 Nxg6 58. hxg6+ Ke7 59. Rh7 Rg8 60. d5 cxd5 61. Bc3 Kf8 62. Qh5 e5 63. Rxg7 1-0

[Event "Budapest FS03 GM"]
[Site "Budapest"]
[Date "2017.03.13"]
[Round "9"]
[White "Heinz, Timothee"]
[Black "Kollars, Dmitrij"]
[Result "0-1"]
[WhiteElo "2375"]
[BlackElo "2502"]
[PlyCount "138"]
[EventDate "2017.03.04"]
[EventType "tourn"]
[EventRounds "9"]
[EventCountry "HUN"]
[EventCategory "9"]
[SourceTitle "CBM 177 Extra"]
[Source "ChessBase"]
[SourceDate "2017.04.27"]
[SourceVersion "1"]
[SourceVersionDate "2017.04.27"]
[SourceQuality "1"]

1. c4 c5 2. g3 Nf6 3. Bg2 d5 4. cxd5 Nxd5 5. Nc3 Nc7 6. Qa4+ Bd7 7. Qc4 Bc6 8. Bxc6+ Nxc6 9. Qxc5 e5 10. Qe3 Bd6 11. d3 Ne6 12. Qd2 0-0 13. Nf3 Ned4 14. 0-0 Nxf3+ 15. exf3 Qd7 16. Qd1 Rad8 17. Be3 f5 18. Kg2 Kh8 19. Rc1 Be7 20. f4 exf4 21. Bxf4 g5 22. Bd2 Qxd3 23. Nb1 Qd5+ 24. Qf3 Qxa2 25. Bc3+ Kg8 26. Rcd1 Qf7 27. Na3 Rxd1 28. Rxd1 Rd8 29. Rxd8+ Bxd8 30. Nc2 Bb6 31. Ne3 Bxe3 32. Qxe3 h6 33. h4 Qg6 34. hxg5 hxg5 35. f3 g4 36. fxg4 fxg4 37. Qe2 Kf7 38. Qf1+ Ke8 39. Qe2+ Kd7 40. Qd2+ Qd6 41. Qg5 Qe6 42. Qd2+ Kc8 43. Qf2 b6 44. Qf8+ Kc7 45. Qg7+ Kc8 46. Qf8+ Kb7 47. Kf2 b5 48. Qf6 Qe4 49. Qf4 Qc2+ 50. Ke3 Qb3 51. Ke4 b4 52. Bh8 Qe6+ 53. Kd3 a5 54. Kd2 Qd5+ 55. Kc2 Qg2+ 56. Kd3 Qd5+ 57. Kc2 Qg8 58. Bf6 a4 59. Qd6 Qc4+ 60. Kd2 Kb6 61. Bd8+ Kb5 62. Bf6 Qe4 63. Qd3+ Qxd3+ 64. Kxd3 Kc5 65. Bg7 Kd5 66. Bf8 Ne5+ 67. Kd2 Kc4 68. Kc2 Nd3 69. Bd6 b3+ 0-1

[Event "Budapest FS03 GM"]
[Site "Budapest"]
[Date "2017.03.08"]
[Round "5"]
[White "Heinz, Timothee"]
[Black "Czebe, Attila"]
[Result "0-1"]
[WhiteElo "2375"]
[BlackElo "2490"]
[PlyCount "94"]
[EventDate "2017.03.04"]
[EventType "tourn"]
[EventRounds "9"]
[EventCountry "HUN"]
[EventCategory "9"]
[SourceTitle "CBM 177 Extra"]
[Source "ChessBase"]
[SourceDate "2017.04.27"]
[SourceVersion "1"]
[SourceVersionDate "2017.04.27"]
[SourceQuality "1"]

1. c4 e5 2. Nc3 Nf6 3. Nf3 Nc6 4. d3 Bc5 5. e3 0-0 6. Be2 a6 7. 0-0 d6 8. a3 Ba7 9. b4 h6 10. Bb2 Ne7 11. d4 exd4 12. Nxd4 c5 13. Nc2 Be6 14. Qd2 Rc8 15. Rfd1 Ng6 16. Nd5 Bxd5 17. cxd5 Ne4 18. Qd3 Re8 19. bxc5 dxc5 20. Bf3 c4 21. Qe2 c3 22. Bc1 Rc5 23. Nb4 a5 24. Na2 c2 25. Rd4 Ng5 26. Bh5 Rxd5 27. Rxd5 Qxd5 28. Bxg6 Qe5 29. Bxc2 Qxa1 30. h4 Ne4 31. Qb5 Qe5 32. Qxb7 Bb8 33. f4 Qe7 34. Qa6 Nd6 35. Ba4 Rc8 36. Qxa5 Rxc1+ 37. Nxc1 Qxe3+ 38. Kh2 Qxf4+ 39. g3 Qf2+ 40. Kh3 Qf1+ 41. Kh2 Qf2+ 42. Kh3 Ne8 43. Qc3 Qf5+ 44. Kh2 Nf6 45. Bc2 Qf2+ 46. Kh3 Qf1+ 47. Kh2 Ng4# 0-1

[Event "Budapest FS03 GM"]
[Site "Budapest"]
[Date "2017.03.04"]
[Round "1"]
[White "Manolache, Marius"]
[Black "Heinz, Timothee"]
[Result "1/2-1/2"]
[WhiteElo "2496"]
[BlackElo "2375"]
[PlyCount "57"]
[EventDate "2017.03.04"]
[EventType "tourn"]
[EventRounds "9"]
[EventCountry "HUN"]
[EventCategory "9"]
[SourceTitle "CBM 177 Extra"]
[Source "ChessBase"]
[SourceDate "2017.04.27"]
[SourceVersion "1"]
[SourceVersionDate "2017.04.27"]
[SourceQuality "1"]

1. d4 d5 2. Nf3 Nf6 3. c4 c6 4. Nc3 dxc4 5. a4 Bf5 6. e3 e6 7. Bxc4 Bb4 8. 0-0 0-0 9. h3 Nbd7 10. Nh4 Bg6 11. Nxg6 hxg6 12. Qb3 Qb6 13. Qc2 Rfd8 14. Rd1 c5 15. d5 Ne5 16. Ba2 c4 17. e4 exd5 18. Nxd5 Nxd5 19. exd5 Rac8 20. Bg5 Re8 21. Be3 Bc5 22. d6 Red8 23. Qe4 Bxe3 24. fxe3 Rc5 25. Qd4 Nc6 26. Qc3 Ne5 27. Qd4 Nc6 28. Qe4 Ne5 29. Qd4 1/2-1/2

[Event "Basel op"]
[Site "Basel"]
[Date "2017.01.02"]
[Round "1"]
[White "Kokje, Joris"]
[Black "Heinz, Timothee"]
[Result "0-1"]
[WhiteElo "2093"]
[BlackElo "2346"]
[PlyCount "58"]
[EventDate "2017.01.02"]
[EventType "swiss"]
[EventRounds "9"]
[EventCountry "SUI"]
[SourceTitle "CBM 176 Extra"]
[Source "ChessBase"]
[SourceDate "2017.03.02"]
[SourceVersion "1"]
[SourceVersionDate "2017.03.02"]
[SourceQuality "1"]

1. d4 d5 2. c4 e6 3. Nf3 Nf6 4. g3 Be7 5. Bg2 0-0 6. 0-0 dxc4 7. Qa4 a6 8. Qxc4 b5 9. Qc2 Bb7 10. Bd2 Ra7 11. Nc3 Nbd7 12. Rfd1 Qa8 13. Bf4 Rc8 14. a3 Nb6 15. Rac1 h6 16. b4 Nfd5 17. Nxd5 Nxd5 18. Ne5 a5 19. Bxh6 gxh6 20. Nxf7 Kxf7 21. Qh7+ Ke8 22. Qg6+ Kd7 23. e4 Nf4 24. Qxh6 Ne2+ 25. Kf1 Rh8 26. Qg6 Nxc1 27. d5 Qg8 28. dxe6+ Kc8 29. Qf5 Qg5 0-1

[Event "BL2-Sued 1617"]
[Site "Germany"]
[Date "2016.11.20"]
[Round "2.4"]
[White "Yankelevich, Lev"]
[Black "Heinz, Timothee"]
[Result "1/2-1/2"]
[WhiteElo "2413"]
[BlackElo "2346"]
[PlyCount "111"]
[EventDate "2016.10.16"]
[EventType "team-tourn"]
[EventRounds "9"]
[EventCountry "GER"]
[SourceTitle "EXT 2018"]
[Source "ChessBase"]
[SourceDate "2017.10.13"]
[SourceVersion "1"]
[SourceVersionDate "2017.10.13"]
[SourceQuality "1"]
[WhiteTeam "Eppingen"]
[BlackTeam "Untergrombach"]
[WhiteTeamCountry "GER"]
[BlackTeamCountry "GER"]

1. e4 e6 2. d4 d5 3. Nc3 Nf6 4. e5 Nfd7 5. f4 c5 6. Nf3 a6 7. Ne2 Nc6 8. c3 Be7 9. g3 0-0 10. Bh3 cxd4 11. cxd4 Qa5+ 12. Kf2 Qb6 13. Kg2 Rd8 14. g4 f6 15. Rf1 Nf8 16. exf6 Bxf6 17. Qb3 Qxb3 18. axb3 Bd7 19. Bd2 Na7 20. Bb4 Re8 21. Rfe1 Rac8 22. g5 Be7 23. Bxe7 Rxe7 24. Rac1 Be8 25. Rxc8 Nxc8 26. Nc3 Bh5 27. Nh4 Kf7 28. Kg3 Bg6 29. Rf1 Nb6 30. f5 exf5 31. Nxf5 Bxf5 32. Rxf5+ Ke8 33. Bg2 Re3+ 34. Rf3 Re6 35. Rf5 g6 36. Rf6 Rxf6 37. gxf6 Kf7 38. Nxd5 Nxd5 39. Bxd5+ Kxf6 40. Bxb7 a5 41. Kf4 h6 42. Bc8 g5+ 43. Ke4 Ng6 44. d5 Ke7 45. Bf5 Nh4 46. Bg4 Kd6 47. Bh5 Ng2 48. Bf3 Nh4 49. Bh5 Ng2 50. Bf7 Nh4 51. Be8 Ke7 52. Bh5 Kd6 53. Bg4 Ng2 54. Bf3 Nh4 55. Bd1 Ng2 56. Bf3 1/2-1/2

[Event "FRA-chT Top 12"]
[Site "Montpellier"]
[Date "2015.06.07"]
[Round "9.7"]
[White "Heinz, Timothee"]
[Black "Iglesias, Yosha"]
[Result "1-0"]
[WhiteElo "2350"]
[BlackElo "2254"]
[PlyCount "94"]
[EventDate "2015.05.30"]
[EventType "team-tourn"]
[EventRounds "11"]
[EventCountry "FRA"]
[SourceTitle "CBM 166 Extra"]
[Source "ChessBase"]
[SourceDate "2015.06.18"]
[SourceVersion "1"]
[SourceVersionDate "2015.06.18"]
[SourceQuality "1"]
[WhiteTeam "Strasbourg"]
[BlackTeam "Vandoeuvre"]
[WhiteTeamCountry "FRA"]
[BlackTeamCountry "FRA"]

1. d4 d6 2. e4 Nf6 3. Nc3 c6 4. Nf3 Bg4 5. Be2 e6 6. Be3 d5 7. e5 Nfd7 8. h3 Bxf3 9. Bxf3 c5 10. Qe2 Nc6 11. 0-0-0 c4 12. Nxd5 exd5 13. Bxd5 Nb6 14. Bxc4 Nxc4 15. Qxc4 Nb4 16. d5 Rc8 17. Qb5+ Qd7 18. Qxd7+ Kxd7 19. c3 Bc5 20. Bg5 f6 21. exf6 gxf6 22. Bxf6 Rhf8 23. Bd4 Nxd5 24. Bg7 Kc6 25. Bxf8 Rxf8 26. Rd2 Rf6 27. c4 Nf4 28. g3 Ne6 29. Kd1 Bb4 30. Re2 Nd4 31. Re4 Kc5 32. a3 Kxc4 33. axb4 Rxf2 34. Kc1 Kd3 35. Rg4 Nb3+ 36. Kb1 Nd2+ 37. Ka2 Rf6 38. b5 Rf5 39. Ra4 Rxb5 40. Ra3+ Ke4 41. Re1+ Kf5 42. Rxa7 h5 43. Ra4 Rd5 44. Re3 Kg6 45. Re6+ Kf5 46. Rh6 Kg5 47. Rb6 Rd4 1-0

[Event "FRA-chT Top 12"]
[Site "Montpellier"]
[Date "2015.06.06"]
[Round "8.8"]
[White "Heinz, Timothee"]
[Black "Benmesbah, Natacha"]
[Result "1/2-1/2"]
[WhiteElo "2350"]
[BlackElo "2199"]
[PlyCount "41"]
[EventDate "2015.05.30"]
[EventType "team-tourn"]
[EventRounds "11"]
[EventCountry "FRA"]
[SourceTitle "CBM 166 Extra"]
[Source "ChessBase"]
[SourceDate "2015.06.18"]
[SourceVersion "1"]
[SourceVersionDate "2015.06.18"]
[SourceQuality "1"]
[WhiteTeam "Strasbourg"]
[BlackTeam "Metz Fischer"]
[WhiteTeamCountry "FRA"]
[BlackTeamCountry "FRA"]

1. c4 c5 2. g3 Nf6 3. Bg2 e6 4. Nf3 Be7 5. 0-0 Qc7 6. Nc3 a6 7. b3 b6 8. d4 cxd4 9. Bf4 d6 10. Nxd4 Bb7 11. Bxd6 Bxd6 12. Ndb5 axb5 13. Nxb5 Bxg2 14. Nxc7+ Bxc7 15. Kxg2 0-0 16. a3 Rd8 17. Qb1 Nbd7 18. b4 Ne5 19. Rc1 Ra4 20. Qb3 Rda8 21. Qe3 1/2-1/2

[Event "Bundesliga 1415"]
[Site "Germany"]
[Date "2015.03.14"]
[Round "12.8"]
[White "Heinz, Timothee"]
[Black "Richter, Christian"]
[Result "1/2-1/2"]
[WhiteElo "2330"]
[BlackElo "2369"]
[PlyCount "62"]
[EventDate "2014.10.18"]
[EventType "team-tourn"]
[EventRounds "15"]
[EventCountry "GER"]
[SourceTitle "CBM 166"]
[Source "ChessBase"]
[SourceDate "2015.05.11"]
[SourceVersion "1"]
[SourceVersionDate "2015.05.11"]
[SourceQuality "1"]
[WhiteTeam "Katernberg"]
[BlackTeam "Emsdetten Turm"]
[WhiteTeamCountry "GER"]
[BlackTeamCountry "GER"]

1. d4 Nf6 2. Bg5 e6 3. Nd2 h6 4. Bh4 c5 5. e3 Be7 6. c3 cxd4 7. exd4 b6 8. Ngf3 Bb7 9. Bd3 d6 10. Qe2 Nbd7 11. 0-0 Nh5 12. Bg3 0-0 13. a4 a6 14. Rfe1 Ndf6 15. Bc2 Re8 16. Qd3 Bf8 17. Nc4 Bd5 18. a5 Bxc4 19. Qxc4 b5 20. Qd3 Qc7 21. Nd2 Nxg3 22. hxg3 d5 23. Rec1 Rec8 24. Qe2 Bd6 25. Bd3 Qe7 26. Rc2 Rc6 27. Rac1 Qc7 28. Nb3 Rc8 29. Ra1 Qe7 30. Re1 Qc7 31. Ra1 Qe7 1/2-1/2